Communes de l'Essonne (91) de plus de 10000 habitants - Statistiques

Statistiques générales
  • Ce quiz a été pris 125 fois
  • Le résultat moyen est 20 sur 38
Statistiques - réponses
Habitants Communes % Correct
66700 (préfecture) Evry-Courcouronnes
100%
26601 Etampes
88%
50597 Massy
88%
36067 Palaiseau
88%
53712 Corbeil-Essonnes
78%
26500 Grigny
78%
26658 Brétigny-sur-Orge
69%
37775 Savigny-sur-Orge
69%
36451 Athis-Mons
68%
18978 Juvisy-sur-Orge
64%
30283 Ris-Orangis
62%
35714 Sainte-Geneviève-des-Bois
61%
31112 Viry-Châtillon
61%
21536 Saint-Michel-sur-Orge
58%
11068 Dourdan
55%
16655 Orsay
55%
28349 Yerres
55%
20470 Longjumeau
53%
22578 Gif-sur-Yvette
52%
11503 Arpajon
51%
25633 Les Ulis
51%
29824 Draveil
48%
25792 Brunoy
47%
21161 Morsang-sur-Orge
45%
23890 Montgeron
43%
31233 Vigneux-sur-Seine
43%
10626 Epinay-sur-Orge
42%
19981 Chilly-Mazarin
36%
13816 Fleury-Mérogis
34%
10571 Igny
32%
16071 Mennecy
31%
13773 Morangis
30%
10833 Bondoufle
29%
10353 Villebon-sur-Yvette
29%
11783 Epinay-sous-Sénart
25%
14772 Verrières-le-Buisson
22%
11577 Saint-Germain-lès-Arpajon
21%
12071 Saint-Pierre-du-Perray
16%
Aucun quiz correspondant
Distribution des résultats
% des personnes avec chaque résultat
Percentile par nombre de réponses
Votre historique - résultats
Vous n’avez pas pris ce quiz